Normal view
MARC view
- NS MARWAH GULRAIZ NS MUHAMMAD UMER PC YOUSRA TARIQ NS UMM E HABIBA KAUSAR
Entry Personal Name
001 - CONTROL NUMBER
- control field: 96499
003 - CONTROL NUMBER IDENTIFIER
- control field: NUST
005 - DATE AND TIME OF LATEST TRANSACTION
- control field: 20220804101619.0
008 - FIXED-LENGTH DATA ELEMENTS
- fixed length control field: 220804|| aca||aabn | a|a d
040 ## - CATALOGING SOURCE
- Original cataloging agency: NUST
- Transcribing agency: NUST
100 ## - HEADING--PERSONAL NAME
- Personal name: NS MARWAH GULRAIZ NS MUHAMMAD UMER PC YOUSRA TARIQ NS UMM E HABIBA KAUSAR
670 ## - SOURCE DATA FOUND
- Source citation: Work cat.: (NUST): NS MARWAH GULRAIZ NS MUHAMMAD UMER PC YOUSRA TARIQ NS UMM E HABIBA KAUSAR, PR-SOF-2099-First Person Zombie Survival Game, 2022.
